| 000 | 00718nam a2200229 a 4500 | ||
|---|---|---|---|
| 005 | 20241106063716.0 | ||
| 008 | 010706s1991 mx r 000 0 spa d | ||
| 020 | _a9701020987 | ||
| 035 | _aUPN01000109341 | ||
| 049 | _aCG | ||
| 050 | 4 |
_aQA273 _bS6.68 |
|
| 100 | 1 |
_aSpiegel, Murray R., _d1943- _930040 |
|
| 245 | 1 | 0 |
_aProbabilidad y estadística / _cpor Murray R. Spiegel; tr. Jairo Osuna Suárez. |
| 260 |
_aMéxico : _bMcGraw-Hill Interamericana, _cc1991. |
||
| 300 | _a372 p. | ||
| 440 | 0 | _aSchaum | |
| 534 |
_pTraducción de: _tSchaum's outline of probability and statistics |
||
| 650 | 4 |
_aEstadística _92988 |
|
| 650 | 4 |
_aProbabilidades _98417 |
|
| 650 | 4 |
_aEstadística matemática _98767 |
|
| 905 | _aLibro | ||
| 999 |
_c83252 _d83252 |
||